Historical changes in landscape and spatial organization of rural areas : published on the occasion of the 25th International Geographical Congress Paris Alpes 1984 ... /

Další autoři: Annenkov, Vladimir V., Jeleček, Leoš, 1945-2025
Jazyk: Angličtina
Vydáno: Prague : Ústav československých a světových dějin ČSAV, 1984
Fyzický popis: 318 s., mp.
Knihy
Uloženo v:
LEADER 01350nam a2200277 a 4500
001 000966090
003 CZ BrMZK
005 20160726145505.0
007 ta
008 090916s1984 xr er|||||||||||eng d
015 |z cnb000241259 
040 |a BOA001  |b cze  |c BOA001 
245 0 0 |a Historical changes in landscape and spatial organization of rural areas :  |b published on the occasion of the 25th International Geographical Congress Paris Alpes 1984 ... /  |c the edition ... was prepared by Vladimir V. Annenkov and Leoš Jeleček 
260 |a Prague :  |b Ústav československých a světových dějin ČSAV,  |c 1984 
300 |a 318 s., mp. 
504 |a Obsahuje bibliografie 
580 |a Monograficky zpracované č. seriálu: Historická geografie, 23 
700 1 |a Annenkov, Vladimir V.  |4 edt 
700 1 |a Jeleček, Leoš,  |d 1945-2025  |7 jn20000401224  |4 edt 
787 1 8 |t Historická geografie 
910 |a BOA001  |b 04424-0645.487 
990 |a BK 
991 |b 200909 
996 6 |b 2610219090  |c 04424-0645.487  |d 1984 23  |v 23  |y 1984  |l MZK  |r Sklad / do 1 hodiny  |n 6  |p p.v.  |w 000205116  |u 000270  |a 1  |e BOA001  |j MZK50  |s P 
996 6 |b 2619228182  |c 04424-0645.487  |d 1984 23  |v 23  |y 1984  |l MZK  |r Sklad / do 1 hodiny  |n 3  |w 000205116  |u 000320  |a 1  |e BOA001  |j MZK50  |s P 
996 6 |b 2619257549  |c 04424-0645.487  |d 1984 23  |v 23  |y 1984  |l MZK  |r Sklad / do 1 hodiny  |n 0  |w 000205116  |u 000400  |a 1  |e BOA001  |j MZK50  |s P